LEADER 01932nas 2200577-a 450 001 996208518403316 005 20230204213019.0 011 $a1949-8535 035 $a(OCoLC)67765983 035 $a(CKB)111087904362004 035 $a(CONSER)--2009207903 035 $a(EXLCZ)99111087904362004 100 $a20060427a20019999 s-- a 101 0 $aeng 135 $aurun||||||||| 181 $ctxt$2rdacontent 182 $cc$2rdamedia 183 $acr$2rdacarrier 200 04$aThe American Geographical Society's focus on geography 210 $aNew York $cPublished by the Society in cooperation with the Dept. of Geography, University of Kentucky 210 3 $aHoboken, N.J. $cJohn Wiley and Sons 215 $a1 online resource 300 $aRefereed/Peer-reviewed 311 $a1549-4934 517 3 $aFocus on geography 517 1 $aFocus 531 $aAMERICAN GEOGRAPHICAL SOCIETY'S FOCUS ON GEOGRAPHY 531 $aFOCUS 606 $aGeography$vPeriodicals 606 $aEconomic geography$vPeriodicals 606 $aGéographie économique$vPériodiques 606 $aGéographie$vPériodiques 606 $aEconomic geography$2fast$3(OCoLC)fst00901962 606 $aGeography$2fast$3(OCoLC)fst00940469 608 $aPeriodicals.$2fast 608 $aPeriodicals.$2lcgft 610 $aCommerce - General 615 0$aGeography 615 0$aEconomic geography 615 6$aGéographie économique 615 6$aGéographie 615 7$aEconomic geography. 615 7$aGeography. 676 $a910.5 712 02$aAmerican Geographical Society of New York. 712 02$aUniversity of Kentucky.$bDepartment of Geography. 712 02$aUniversity of Wisconsin--La Crosse.$bDepartment of Geography and Earth Science. 906 $aJOURNAL 912 $a996208518403316 996 $aThe American Geographical Society's focus on geography$92298980 997 $aUNISA LEADER 01830oam 2200493M 450 001 9910716225603321 005 20200213070524.8 035 $a(CKB)5470000002519872 035 $a(OCoLC)1065820174 035 $a(OCoLC)995470000002519872 035 $a(EXLCZ)995470000002519872 100 $a20071213d1926 ua 0 101 0 $aeng 135 $aurcn||||||||| 181 $ctxt$2rdacontent 182 $cc$2rdamedia 183 $acr$2rdacarrier 200 10$aBridge across the Sandusky Bay, near Bay Ridge, Ohio. March 10, 1926. -- Referred to the House Calendar and ordered to be printed 210 1$a[Washington, D.C.] :$c[U.S. Government Printing Office],$d1926. 215 $a1 online resource (3 pages) 225 1 $aHouse report / 69th Congress, 1st session. House ;$vno. 497 225 1 $a[United States congressional serial set ] ;$v[serial no. 8532] 300 $aBatch processed record: Metadata reviewed, not verified. Some fields updated by batch processes. 300 $aFDLP item number not assigned. 606 $aBridge construction industry 606 $aBridges$xDesign and construction 606 $aBridges 606 $aLegislative amendments 606 $aToll bridges 608 $aLegislative materials.$2lcgft 615 0$aBridge construction industry. 615 0$aBridges$xDesign and construction. 615 0$aBridges. 615 0$aLegislative amendments. 615 0$aToll bridges. 701 $aCooper$b John Gordon$f1872-1955$pRepublican (OH)$01389183 801 0$bWYU 801 1$bWYU 801 2$bOCLCO 801 2$bOCLCQ 906 $aBOOK 912 $a9910716225603321 996 $aBridge across the Sandusky Bay, near Bay Ridge, Ohio. March 10, 1926. -- Referred to the House Calendar and ordered to be printed$93546677 997 $aUNINA